=LDR 00000nam 2200000 4500 =001 NUTBA000000000003201 =005 20140807084300.0 =006 =007 =008 =020 ##$$a 978-6028 52057 8 =035 ##$$a 0010-081400000000045 =040 ##$$a NBPDMAT =082 ##$$a 372.7 =090 ##$$a 372.7 $b Fac p =100 ##$$a Fachri =245 ##$$a Pembagian / $c penulis, Fachri =260 ##$$a Jakarta : $b Ghina Walafa, $c 2011 =300 ##$$a 58 hlm. ; $c 25 cm. =650 ##$$a Matematika-SD-Pembagian =990 ##$$a 21404372